000 00189 a2200097 4500
020 _a9780794447724
041 _aeng
100 _adisney Baby
245 _aA day Winnie the Pooh
942 _cK
999 _c30675
_d30673